| 000 | 00488nam a2200181Ia 4500 | ||
|---|---|---|---|
| 001 | 3909 | ||
| 005 | 20260306145718.0 | ||
| 008 | 260306t2011||||xx |||||||||||||| ||spa|| | ||
| 041 | _aESP | ||
| 082 |
_a305.42 _bE356 2011 |
||
| 100 |
_aElósegui Itxaso, Maria _eAUT |
||
| 245 | 0 |
_aDiez temas de genero: _bhombre y mujer ante los derechos productivos y reproductivos |
|
| 260 | _c2011 | ||
| 300 |
_a364 páginas : _c21 cm. |
||
| 650 | _aGEN | ||
| 654 | _aCHU | ||
| 942 |
_cLIB _dJUS _fJUS _2ddc _n |
||
| 999 |
_c3909 _d3909 |
||